LEADER 00926nam0-22003011i-450- 001 990006571470403321 005 20001010 035 $a000657147 035 $aFED01000657147 035 $a(Aleph)000657147FED01 035 $a000657147 100 $a20001010d--------km-y0itay50------ba 101 0 $aita 105 $ay-------001yy 200 1 $aAppunti sulla amministrazione dello Stato nella Regione siciliana$fdi Antonino Pensovecchio Li Bassi. 210 $aPadova$cCedam$d1968 215 $a7 p., 22 cm 300 $a"Estratto dagli 'Studi in onore di Gioacchino Scaduto" 676 $a353.9 700 1$aPensovecchio Li Bassi,$bAntonino$0234606 801 0$aIT$bUNINA$gRICA$2UNIMARC 901 $aBK 912 $a990006571470403321 952 $aBUSTA I D 33$b781$fFSPBC 959 $aFSPBC 996 $aAppunti sulla amministrazione dello Stato nella Regione siciliana$9623630 997 $aUNINA DB $aGEN01 LEADER 00649oam 2200193z- 450 001 9910424586903321 035 $a(CKB)5310000000010074 035 $a(EXLCZ)995310000000010074 100 $a20220406c2018uuuu -u- - 101 0 $aita 200 10$aIl lavoro 4.0 : la quarta rivoluzione industriale e le trasformazioni delle attività lavorative 210 $cFirenze University Press 311 $a88-6453-649-3 517 $aLavoro 4.0 517 $aIl lavoro 4.0 906 $aBOOK 912 $a9910424586903321 996 $aIl lavoro 4.0 : la quarta rivoluzione industriale e le trasformazioni delle attività lavorative$91953613 997 $aUNINA LEADER 02939oam 2200637 c 450 001 9910563005003321 005 20250513224751.0 024 7 $a10.3726/b13609 035 $a(CKB)5450000000173919 035 $a(oapen)https://directory.doabooks.org/handle/20.500.12854/39712 035 $a(PH02)9783631750537 035 $a(oapen)doab39712 035 $a(EXLCZ)995450000000173919 100 $a20240525h20182008 uy 0 101 0 $ager 135 $aurnnunnnannuu 181 $ctxt$2rdacontent 182 $cc$2rdamedia 183 $acr$2rdacarrier 200 00$aNicht-monetäre Inflationsursachen in Russland$eEine empirische Analyse$fBert Rürup, Bert Rürup, Zulia Gubaydullina 205 $a1st, New ed. 210 $aFrankfurt a.M$cPH02$d2018 210 $d2018, c2008 215 $a1 online resource (174 p.)$c, EPDF 225 0 $aSozialo?konomische Schriften$v32 300 $aPeter Lang GmbH, Internationaler Verlag der Wissenschaften 311 08$a3-631-75053-6 327 $aAus dem Inhalt: O?konometrische Untersuchung - Inflationsursachen - Geldmenge - Fiskalische Inflationstheorie - Balassa-Samuelsen-Effekt - Geldscho?pfung durch Nicht-Banken - Wechselkurs - Vera?nderung der relativen Preise - Lohnsetzung. 330 $aSeit langer Zeit konkurrieren moneta?re und nicht-moneta?re Ursachen bei der Erkla?rung von Inflation. Wa?hrend Milton Friedman («Inflation is always and everywhere a monetary phenomenon») die erste Position vertritt, finden z.B. Paul Samuelson oder John Cochrane auch Argumente fu?r nicht-moneta?re Ursachen. Die Arbeit untersucht in Bezug auf Russland, zwischen 1992 und 2004, ob die nicht-moneta?ren Ursachen der Inflation empirisch relevant sind. Russland ist fu?r diese Frage insofern von besonderer Bedeutung, als es ein Paradebeispiel fu?r das Vorkommen nicht-moneta?rer Inflationsursachen bietet: Die Ergebnisse der o?konometrischen Untersuchung besta?tigen, dass die nicht-moneta?ren Inflationsursachen eine wichtige Rolle in der Inflationsentwicklung spielen. 517 $aNicht-monetaere Inflationsursachen in Russland 606 $aPolitics & government$2bicssc 606 $aEconomics$2bicssc 610 $aAnalyse 610 $aEine 610 $aempirische 610 $aFiskalpolitik 610 $aGeldpolitik 610 $aGubaydullina 610 $aInflation 610 $aInflationsursachen 610 $amonetäre 610 $aNicht 610 $aÖkonometrische Untersuchung 610 $aRussland 610 $aTransformationsökonomie 615 7$aPolitics & government 615 7$aEconomics 700 $aGubaydullina$b Zulia$4auth$01290958 702 $aRu?rup$b Bert$4edt 702 $aGubaydullina$b Zulia$4aut 801 0$bPH02 801 1$bPH02 906 $aBOOK 912 $a9910563005003321 996 $aNicht-moneta?re Inflationsursachen in Russland$94175729 997 $aUNINA